| Tag |
First Indicator |
Second Indicator |
Subfields |
| LEADER |
00000cam a2200000 a 4500 |
| 001 |
in00000009158 |
| 005 |
20151007051503.0 |
| 008 |
870206s1987 nyu b 00010 eng |
| 010 |
|
|
|a 87004541
|
| 020 |
|
|
|a 0873324358 (pbk.) :
|c $16.95
|
| 035 |
|
|
|a (OCoLC)15224439
|
| 035 |
|
|
|9 AAA3233AM
|
| 040 |
|
|
|a DLC
|c DLC
|d TXA
|d UtOrBLW
|
| 041 |
1 |
|
|a eng
|a chi
|
| 043 |
|
|
|a a-cc---
|
| 049 |
|
|
|a TXAM
|c [A12637713]
|
| 050 |
0 |
0 |
|a DS778.7
|b .L58 1987
|
| 082 |
0 |
|
|a 951.05/6
|2 19
|
| 100 |
1 |
|
|a Liu, Guokai.
|
| 245 |
1 |
2 |
|a A brief analysis of the Cultural Revolution /
|c by Liu Guokai ; guest editor, Anita Chan.
|
| 264 |
|
1 |
|a Armonk, N.Y. :
|b M.E. Sharpe,
|c [1987]
|
| 264 |
|
4 |
|c ©1987
|
| 300 |
|
|
|a 151 pages ;
|c 23 cm.
|
| 336 |
|
|
|a text
|b txt
|2 rdacontent
|
| 337 |
|
|
|a unmediated
|b n
|2 rdamedia
|
| 338 |
|
|
|a volume
|b nc
|2 rdacarrier
|
| 500 |
|
|
|a An abridged translation version of author's essay originally published in Renmin zhi sheng (People's Voice), special issue number 2 (Dec., 1980).
|
| 504 |
|
|
|a Includes bibliography.
|
| 651 |
|
0 |
|a China
|x History
|y Cultural Revolution, 1966-1976.
|
| 700 |
1 |
|
|a Chan, Anita.
|
| 999 |
|
|
|a MARS
|
| 999 |
f |
f |
|s f30e0626-5888-3d24-aa65-fe832e8c6ec1
|i 7e0e99ea-5243-3ac1-aafe-03f5116aedc2
|t 0
|
| 952 |
f |
f |
|p ric
|a Texas A&M University
|b Rellis Campus
|c Joint Library Facility
|d Remote Storage
|t 0
|e DS778.7 .L58 1987
|h Library of Congress classification
|i unmediated -- volume
|m A14812637713
|
| 998 |
f |
f |
|a DS778.7 .L58 1987
|t 0
|l Remote Storage
|